| 000 | 00652nam a22002177a 4500 | ||
|---|---|---|---|
| 999 |
_c17794 _d17794 |
||
| 003 | AR-CdUCM | ||
| 008 | 190509b ||||| |||| 00| 0 spa d | ||
| 040 |
_aMUNICIPALIDAD PROVINCIAL DEL CUSCO _cBIBLIOTECA MUNICIPAL DEL CUSCO |
||
| 082 |
_a823 / _bL31 |
||
| 100 |
_aLawrence, D. H.. _914377 |
||
| 245 | _aEl zorro / | ||
| 260 |
_aSantiago de Chile : _bCultura, _c1933. |
||
| 300 |
_a139 páginas ; _c20 cm. |
||
| 440 |
_aColección obras maestras. _n7. _937975 |
||
| 505 | _aContenido : El zorro ... | ||
| 650 |
_aLiteratura _983 |
||
| 650 |
_aSiglo XX. _98 |
||
| 700 |
_aVera L., Oscar. _937976 |
||
| 942 |
_2ddc _cLIBROS |
||
| 945 |
_arum _d2019-05-09 |
||